000 00380nam a22001337a 4500
999 _c115175
_d115175
005 20220113152724.0
008 191224b ||||| |||| 00| 0 eng d
040 _cPK-LaUMT
082 _a346.00264
_bUNR-
245 _aUnreported Cases [U.C, Vol. V, 1984]
_cedited by M. Farani. . .[et al.]
260 _aLahore:
_bNational Law Reporter,
_c1984
300 _a600 p.
942 _cLPJ